Statistics for South American Countries by City

Click here to take the quiz!

General Stats

  • This quiz has been taken 49 times
  • The average score is 19 of 26

Answer Stats

CityCountry% Correct
SantiagoChile
98%
Sao PauloBrazil
95%
BogotáColombia
95%
AsunciónParaguay
93%
MedellínColombia
91%
SucreBolivia
88%
GeorgetownGuyana
88%
ParamariboSuriname
86%
BelemBrazil
81%
ManausBrazil
81%
GuayaquilEcuador
77%
CordobaArgentina
74%
CaliColombia
74%
ValparaisoChile
72%
RosarioArgentina
70%
MaracaiboVenezuela
67%
CuscoPeru
65%
Punta del EsteUruguay
63%
UshuaiaArgentina
60%
FlorianópolisBrazil
60%
Punta ArenasChile
60%
CochabambaBolivia
56%
AntofagastaChile
56%
GoianiaBrazil
49%
BarquisimetoVenezuela
47%
Bahía BlancaArgentina
44%

Score Distribution

Percentile by Number Answered

Percent of People with Each Score

Your Score History

You have not taken this quiz